| 000 | 01833nam a2200133Ia 4500 | ||
|---|---|---|---|
| 008 | 220615s9999||||xx |||||||||||||| ||und|| | ||
| 020 | _a9783040000000 | ||
| 245 | 0 | _aGeothermal Energy Utilization and Technologies 2020 | |
| 546 | _aEnglish[eng] | ||
| 650 | _ageothermal power production||abandoned oil reservoirs||in situ combustion||organic Rankine cycle (ORC)||plunger pump||centrifugal pump||pressure drop||temperature utilization rate||system generating efficiency||carbonate geothermal reservoirs||sustainable geothermal energy exploitation||southern Italy||numerical simulation||dual-loop ORC||mixture working fluids||entropy generation||entransy loss||exergy loss||Ground source heat pump||oval cross-section||groundwater||borehole heat exchanger||CFD||Sandtank||granite||physical characteristics||cyclic||thermal treatment||water cooling||hybrid renewable polygeneration plant||micro organic Rankine cycle||evacuated solar thermal collectors||photovoltaic panels||plastic heat exchanger||Organic Rankine Cycle||geothermal energy||shell and tube heat exchanger||fouling resistance||mobile thermal energy storage (M-TES)||phase change material (PCM)||LCOH||heat transport||renewable energy source||household hybrid system||dynamic simulation||economic analysis||TRNSYS software||heating and cooling network||polygeneration system||geothermal energy community||ORC||energy district||heat pump||R1234ze||CO2||geothermal||renewable energy||historic building||energy saving||earth-to-air||horizontal pipe||2D model||air conditioning||renewable energy sources||thermal performances||energy efficiency||parametric study||geothermal resource||Monte Carlo simulation||assessment||thermal reservoir||North Jiangsu Basin | ||
| 700 | _aRoselli, Carlo||Sasso, Maurizio | ||
| 856 | _uhttps://mdpi.com/books/pdfview/book/3872 | ||
| 942 | _cEB | ||
| 999 |
_c17585 _d17585 |
||